Zero carbon (Record no. 80580)
[ view plain ]
| 000 -LEADER | |
|---|---|
| fixed length control field | 00807cab a22001815a 4500 |
| 001 - CONTROL NUMBER | |
| control field | L144764 |
| 008 - FIXED-LENGTH DATA ELEMENTS--GENERAL INFORMATION | |
| fixed length control field | 080811s2008 xxk f s 000 0 eng d |
| 035 ## - SYSTEM CONTROL NUMBER | |
| System control number | (Sirsi) u144764 |
| 041 0# - LANGUAGE CODE | |
| Language code of text/sound track or separate title | eng |
| 100 1# - MAIN ENTRY--PERSONAL NAME | |
| Personal name | Dixon, Tim |
| 245 00 - TITLE STATEMENT | |
| Title | Zero carbon |
| Remainder of title | castles in the air? |
| 260 ## - PUBLICATION, DISTRIBUTION, ETC. | |
| Date of publication, distribution, etc. | 2008 |
| 490 ## - SERIES STATEMENT | |
| Series statement | Property Forecast |
| Volume/sequential designation | 11(7) July 2008, 10-11(2) |
| 520 ## - SUMMARY, ETC. | |
| Summary, etc. | Article analyses several reports on zero carbon construction and how we might implement their recommendations. Also examines microgeneration technologies and suggests that while they can play an important part in the drive towards zero carbon construction, a supportive framework of legislation and guidance is required to help them flourish. |
| 651 #4 - SUBJECT ADDED ENTRY--GEOGRAPHIC NAME | |
| Geographic name | United Kingdom |
| Chronological subdivision | |
| 690 ## - LOCAL SUBJECT ADDED ENTRY--TOPICAL TERM (OCLC, RLIN) | |
| Topical term or geographic name as entry element | BUILT ENVIRONMENT-SUSTAINABLE CONSTRUCTION |
| 942 ## - ADDED ENTRY ELEMENTS (KOHA) | |
| Suppress in OPAC | 0 |
| Withdrawn status | Lost status | Source of classification or shelving scheme | Damaged status | Not for loan | Home library | Current library | Shelving location | Date acquired | Total Checkouts | Full call number | Barcode | Date last seen | Copy number | Price effective from | Koha item type |
|---|---|---|---|---|---|---|---|---|---|---|---|---|---|---|---|
| Dewey Decimal Classification | London | London | Journal article | 11/08/2008 | L144764 | 144764-1001 | 06/08/2019 | 1 | 06/08/2019 | Journal article |